UM Logo

Multiple-models adaptive disturbance observer-based predictive control for linear permanent-magnet synchronous motor vector drive / (Record no. 19719)

MARC details
000 -LEADER
fixed length control field 00954nam a22002177a 4500
003 - CONTROL NUMBER IDENTIFIER
control field OSt
005 - DATE AND TIME OF LATEST TRANSACTION
control field 20250927154601.0
008 - FIXED-LENGTH DATA ELEMENTS--GENERAL INFORMATION
fixed length control field 240315b ||||| |||| 00| 0 eng d
040 ## - CATALOGING SOURCE
Transcribing agency 0
082 ## - DEWEY DECIMAL CLASSIFICATION NUMBER
Classification number DPer 621.381 In821 August 2022 v. 37 n. 8
100 ## - MAIN ENTRY--PERSONAL NAME
Personal name Bai, Cong.
Relator term author.
9 (RLIN) 54840
245 ## - TITLE STATEMENT
Title Multiple-models adaptive disturbance observer-based predictive control for linear permanent-magnet synchronous motor vector drive /
Statement of responsibility, etc. Cong Bai, Zhonggang Yin, Yanping Zhang, and Jing Liu.
260 ## - PUBLICATION, DISTRIBUTION, ETC. (IMPRINT)
Place of publication, distribution, etc. New York ;
Name of publisher, distributor, etc. The Institute of Electrical and Electronics Engineers, Inc. ,
Date of publication, distribution, etc. August 2022.
300 ## - PHYSICAL DESCRIPTION
Extent Volume 37, pages 9596-9611 :
Other physical details illustration ;
Dimensions 28 cm.
500 ## - GENERAL NOTE
General note IEEE Transitions on Power Electronics, v. 37 n. 8, pages 9596-9611, August 2022.
700 ## - ADDED ENTRY--PERSONAL NAME
Personal name Bai, Cong.
Relator term author.
9 (RLIN) 54840
700 ## - ADDED ENTRY--PERSONAL NAME
Personal name Yin, Zhonggang.
Relator term author.
9 (RLIN) 54841
700 ## - ADDED ENTRY--PERSONAL NAME
Personal name Zhang, Yanping.
Relator term author.
9 (RLIN) 54842
700 ## - ADDED ENTRY--PERSONAL NAME
Personal name Liu, Jing.
Relator term author.
9 (RLIN) 54843
942 ## - ADDED ENTRY ELEMENTS (KOHA)
Source of classification or shelving scheme Dewey Decimal Classification
Koha item type Periodicals
Holdings
Withdrawn status Lost status Source of classification or shelving scheme Damaged status Not for loan Collection code Home library Current library Date acquired Total Checkouts Full call number Date last seen Price effective from Koha item type Public note
    Dewey Decimal Classification     Periodicals UM Digos College - LIC UM Digos College - LIC 03/15/2024   DPer 621.381 In821 August 2022 v. 37 n. 8 03/15/2024 03/15/2024 Periodicals Periodical Article